00377nam a2200133Ia 450000500170000000800410001708200130005810000150007124500710008626000370015730000130019465000200020765000160022720250316144328.0240331s9999 xx 000 0 und d bKESa894 aKesavan, K 0aPallu ilakkiyam oru samoogaviyal parvai :boru samugaviyal paarvai aShiva KangaibAnam Pvt Ltdc1991 a138 p ., aPallu Ilakkiyam aSamugaviyal